Introduction to transportation engineering (Record no. 2610)

000 -LEADER
fixed length control field 00540nam a22002054a 4500
001 - CONTROL NUMBER
control field 2610
003 - CONTROL NUMBER IDENTIFIER
control field BD-DhUET
008 - FIXED-LENGTH DATA ELEMENTS--GENERAL INFORMATION
fixed length control field 010314s2002 maua b 001 0 eng
020 ## - INTERNATIONAL STANDARD BOOK NUMBER
International Standard Book Number 9780070702462
040 ## - CATALOGING SOURCE
Original cataloging agency DLC
Transcribing agency DLC
Modifying agency BD-DhUET
082 00 - DEWEY DECIMAL CLASSIFICATION NUMBER
Classification number 625
Item number BAN/2002
100 1# - MAIN ENTRY--PERSONAL NAME
Personal name Banks, James H.
245 10 - TITLE STATEMENT
Title Introduction to transportation engineering
250 ## - EDITION STATEMENT
Edition statement 2nd ed.
260 ## - PUBLICATION, DISTRIBUTION, ETC. (IMPRINT)
Place of publication, distribution, etc. Boston
Name of publisher, distributor, etc. McGraw-Hill
Date of publication, distribution, etc. 2002
300 ## - PHYSICAL DESCRIPTION
Extent ix, 502p.
Other physical details ill.
Dimensions 24 cm.
504 ## - BIBLIOGRAPHY, ETC. NOTE
Bibliography, etc Includes bibliographies
650 #0 - SUBJECT ADDED ENTRY--TOPICAL TERM
Topical term or geographic name as entry element Transportation engineering
942 ## - ADDED ENTRY ELEMENTS (KOHA)
Koha item type General Book
Holdings
Damaged status Withdrawn status Koha full call number Koha issues (times borrowed) Source of classification or shelving scheme Koha date last seen Piece designation (barcode) Koha date last borrowed Lost status Copy number Koha item type Sublocation or collection (holding branch) Koha normalized classification for sorting Price effective from Location (home branch) Not for loan Koha out on loan Date acquired Source of acquisition Shelving location
  625/BAN/20021 2016-04-101128332016-04-10 1General BookCentral Library, BUET625BAN20022014-09-28Central Library, BUET 2017-04-102014-09-28 Circulation section
  625/BAN/2002  2014-09-28112989  2General BookCentral Library, BUET625BAN20022014-09-28Central Library, BUET  2014-09-28 Circulation section
  625/BAN/2002  2015-09-12113731  3General BookCentral Library, BUET625_000000000000000_BAN_20022015-09-12Central Library, BUET  2015-06-13International Book DistributorsCirculation section
  625/BAN/20021 2016-04-131137582016-04-10 4General BookCentral Library, BUET625_000000000000000_BAN_20022015-11-15Central Library, BUET  2015-11-15 Circulation section